000 01305nam a2200313 4500
001 21
003 OSt
005 20250528074009.0
008 250121b |||||||j |||| 00| 1 eng d
020 _a8533613695
040 _bpor
041 _heng
_apor
082 _a823
_bA452s
100 1 _aAlmond, David,
_d1951-
_944
245 _aSkellig /
_cAlmond, David ; Tradução de Waldea Barcellos
260 _aSão Paulo
_bMartins Fontes
_c2001
300 _a196 p.
520 _aMichael ia se mudar com sua família. Na casa nova, tudo ia ser maravilhoso. Mas a irmãzinha dele adoeceu e os pais já não podiam dar tanta atenção ao menino. Sentindo-se abandonado, ele foi refugiar-se na garagem... O que era aquilo, por baixo das teias de aranha e das moscas mortas? Um ser humano ou um estranho animal? A verdade é que aquela criatura mudou a vida de Michael para sempre. Este livro, cheio de suspense aliado a intensa ternura e lirismo, conta-nos uma bela história de amizade e amor à vida.
650 0 _aLiteratura Inglesa
_989
650 0 _aFantasia
_945
650 0 _aSeres mágicos
_946
650 0 _aAventura
_947
650 0 _aFamilia
_935
650 0 _aFilme
_926
655 0 _aRomance
_923
655 0 _aFicção
_922
700 _aWaldéa Barcellos
_eTradutor
_948
942 _2ddc
_n0
_cBK
999 _c21
_d21